Normal view
MARC view
Entry Personal Name
001 - CONTROL NUMBER
- control field: 6881
003 - CONTROL NUMBER IDENTIFIER
- control field: ARRUPE
005 - DATE AND TIME OF LATEST TRANSACTION
- control field: 20140122104420.0
008 - FIXED-LENGTH DATA ELEMENTS
- fixed length control field: 140122|| aca||aabn | a|a d
040 ## - CATALOGING SOURCE
- Original cataloging agency: ARRUPE
- Transcribing agency: ARRUPE
100 ## - HEADING--PERSONAL NAME
- Personal name: Thomas Aquinas, St.
670 ## - SOURCE DATA FOUND
- Source citation: Work cat.: (ARRUPE): Mortensen, John R. 6880, Understanding St. Thomas on analogy, 2006